01742 2200325 4500001002100000005001500021007000300036008004100039020002200080035002000102082001000122084001600132100003600148245004100184250001400225264004700239300004600286336002100332337003000353338002300383504002000406505013200426520076400558650002101322700002901343990001101372990001101383990001101394990001101405INLIS00000000002205920250812023247ta250812 g 0 ind  a978-602-5790-20-1 a0010-1123000267 a005.5 a005.5 AKB m0 aAkbar Dzukha AsyiqinePengarang1 aMenang Debat dengan Software Argunet aCetakan 1 aYogyakarta :bHijaz Pustaka Mandiri,c2022 aviii + 180 halaman :bIlustrasi ;c21 cm. 2rdacontentaTeks 2rdamediaaTanpa Perantara 2rdacarrieraLembar a177-178 halaman a1. Apakah peta argumen 2. Struktur argumen pada peta argumen 3. Dasar-dasar logika 4. Menilai argumen 5. Kesesatan dan bias aMenang Debat dengan Software Argunet Debat memberikan kontribusi yang menguntungkan bagi kehidupan demokrasi. Namun, debat ala silly talk (debat kusir) sama sekali tidak dikehendaki sebagaimana dituturkan dalam buku Menang dalam debat ini. Efektivitas komunikasi maupun verbalitas dalam dialogika lebih terjamin untuk secara fair melahirkannya dalam suatu mekanisme debat. Kemudian tinggal memilih penyesuaian langkah kata yang strategis dalam setiap upaya dan momentum untuk menghadapi kontak perdebatan. Ungkapan-ungkapan taktis, teknis, aspek-aspek, bentuk-bentuk, proses, serta keterampilan dalam debat, dapat Anda simar di sini. Menu yang pas untuk mereka yang gemar diskusi, mahasiswa, aktivis organisasi, politisi, dan masyarakat umum yang meminati. 4aProgram Aplikasi0 aNasir Syar'anePengarang a067525 a067526 a076823 a076824